Fundamental Mathematical Analysis (Record no. 201358)
[ view plain ]
| 000 -LEADER | |
|---|---|
| fixed length control field | 00503nam a22001697a 4500 |
| 010 ## - LCCN (DPL NO) | |
| LC control number | ENG-139627 |
| 020 ## - INTERNATIONAL STANDARD BOOK NUMBER | |
| International Standard Book Number | 9789384294755 |
| Terms of availability | 495.00 |
| 035 ## - SYSTEM CONTROL NUMBER | |
| System control number | EN-123159 |
| 037 ## - SOURCE OF ACQUISITION | |
| Source of stock number/acquisition | DBAD/PUB |
| 082 ## - DEWEY DECIMAL CLASSIFICATION NUMBER | |
| Classification number | 510 |
| 100 ## - MAIN ENTRY--PERSONAL NAME | |
| Personal name | Pal,K.C |
| 245 ## - TITLE STATEMENT | |
| Title | Fundamental Mathematical Analysis |
| Statement of responsibility, etc | /by K.C. Pal |
| 260 ## - PUBLICATION, DISTRIBUTION, ETC. (IMPRINT) | |
| Place of publication, distribution, etc | Kolkata |
| Name of publisher, distributor, etc | Arunabha Sen Books & Allied Pvt. Ltd. |
| Date of publication, distribution, etc | 2016 |
| 270 ## - ADDRESS | |
| Address | 8/1 Chintamoni Das Lane |
| City | Kolkata |
| Postal code | 700009 |
| 300 ## - PHYSICAL DESCRIPTION | |
| Extent | 723p. |
| Dimensions | 24cm (PBK) |
| 942 ## - ADDED ENTRY ELEMENTS (KOHA) | |
| Source of classification or shelving scheme | Dewey Decimal Classification |
| Item type | English Books |
| Classification part | 510 |
| Call number suffix | PAL |
| Withdrawn status | Lost status | Not for loan | Collection code | Home library | Current library | Date acquired | Source of acquisition | Cost, normal purchase price | Full call number | Barcode | Cost, replacement price | Koha item type |
|---|---|---|---|---|---|---|---|---|---|---|---|---|
| Non-fiction | Bawana | Bawana | 11/03/2024 | DBAD | 495.00 | 510 PAL | EN-123159 | 495.00 | English Books |
